<?xml version="1.0" encoding="UTF-8"?>
<collection xmlns:xsi="http://www.w3.org/2001/XMLSchema-instance" xsi:schemaLocation="http://www.loc.gov/MARC21/slim http://www.loc.gov/standards/marcxml/schema/MARC21slim.xsd" xmlns="http://www.loc.gov/MARC21/slim">
 <record>
  <leader>00000nam a22000004a 4500</leader>
  <controlfield tag="001">UP-1685675941131579710</controlfield>
  <controlfield tag="003">Buklod</controlfield>
  <controlfield tag="005">20240919145739.0</controlfield>
  <controlfield tag="006">m    |o  d |      </controlfield>
  <controlfield tag="007">ta</controlfield>
  <controlfield tag="008">231206s2020    nju    gr    |||1 u|eng d</controlfield>
  <datafield tag="020" ind1=" " ind2=" ">
   <subfield code="a">9781119237914 </subfield>
   <subfield code="a">(hardback)</subfield>
  </datafield>
  <datafield tag="040" ind1=" " ind2=" ">
   <subfield code="a">DLC</subfield>
   <subfield code="d">DEDUC</subfield>
   <subfield code="e">rda</subfield>
  </datafield>
  <datafield tag="041" ind1=" " ind2=" ">
   <subfield code="a">eng</subfield>
  </datafield>
  <datafield tag="090" ind1=" " ind2=" ">
   <subfield code="a">LC 213.2 </subfield>
   <subfield code="b">M36 2020 </subfield>
  </datafield>
  <datafield tag="100" ind1="1" ind2=" ">
   <subfield code="a">McNair, Tia Brown</subfield>
   <subfield code="d">1952- </subfield>
   <subfield code="e">author.</subfield>
  </datafield>
  <datafield tag="245" ind1="1" ind2="0">
   <subfield code="a">From equity talk to equity walk </subfield>
   <subfield code="b">expanding practitioner knowledge for racial justice in higher education </subfield>
   <subfield code="c">Tia Brown McNair, Estela Mara Bensimon, Lindsey Malcom-Piqueux.</subfield>
  </datafield>
  <datafield tag="264" ind1=" " ind2="1">
   <subfield code="a">Hoboken, NJ</subfield>
   <subfield code="b">Jossey-Bass, a Wiley brand</subfield>
   <subfield code="c">2020</subfield>
  </datafield>
  <datafield tag="300" ind1=" " ind2=" ">
   <subfield code="a">xviii, 137 pages </subfield>
   <subfield code="b">illustrations </subfield>
   <subfield code="c">24 cm.</subfield>
  </datafield>
  <datafield tag="336" ind1=" " ind2=" ">
   <subfield code="a">text</subfield>
   <subfield code="2">rdacontent</subfield>
  </datafield>
  <datafield tag="337" ind1=" " ind2=" ">
   <subfield code="a">unmediated</subfield>
   <subfield code="2">rdamedia</subfield>
  </datafield>
  <datafield tag="338" ind1=" " ind2=" ">
   <subfield code="a">volume</subfield>
   <subfield code="2">rdacarrier</subfield>
  </datafield>
  <datafield tag="504" ind1=" " ind2=" ">
   <subfield code="a">Includes bibliographical references (pages 119-124) and index.</subfield>
  </datafield>
  <datafield tag="505" ind1="0" ind2=" ">
   <subfield code="a">From equity talk to equity walk -- Building an equity-minded campus culture -- Using and communicating data as a tool to advance equity -- Aligning strategic priorities and building institutional capacity -- Building capacity for equity-mindedness among first-generation equity practitioners.</subfield>
  </datafield>
  <datafield tag="520" ind1=" " ind2=" ">
   <subfield code="a">&quot;AAC&amp;U launched its Making Excellence Inclusive (MEI) initiative in 2002 as a framework with four primary objectives: a focus on student intellectual and social development, a purposeful development and utilization of organizational resources to enhance student learning, a call for attention to the cultural difference learners bring to educational experiences, and a welcoming community that engages all of its diversity in the service of student and organizational learning. More recently, postsecondary educators have started to ask more critical and practical questions related to education equity and engaged learning pedagogies. The new emphasis on equity addresses the changing realities and increasing demands on higher education for accountability and completion goals. Sponsorship: AAC&amp;U will help promote, resell, and launch the book at its annual conference. Hot Topic: Making Excellence Inclusive (MEI) is AAC&amp;U's guiding principle for access, student success, and high-quality learning. MEI is designed to assist colleges integrate diversity, equity, and educational efforts into their institutional operations. Active Authors: Authors hold a conference session at AAC&amp;U's annual meeting that approximately 2,000 higher education leaders attend. This is one strategy for promotion along with the email blasts to AAC&amp;U's network of 65,000 educators and ads in their personal periodicals (Diversity &amp; Democracy, Peer Review, and Liberal Education)&quot;</subfield>
   <subfield code="c">Provided by publisher.</subfield>
  </datafield>
  <datafield tag="650" ind1=" " ind2="0">
   <subfield code="a">Minorities</subfield>
   <subfield code="x">Education</subfield>
   <subfield code="v">Social aspects</subfield>
   <subfield code="z">United States.</subfield>
  </datafield>
  <datafield tag="650" ind1=" " ind2="0">
   <subfield code="a">Education</subfield>
   <subfield code="x">Aims and objectives.</subfield>
  </datafield>
  <datafield tag="650" ind1=" " ind2="0">
   <subfield code="a">Teachers</subfield>
   <subfield code="x">Training of</subfield>
   <subfield code="z">United States.</subfield>
  </datafield>
  <datafield tag="700" ind1="1" ind2=" ">
   <subfield code="a">Bensimon, Estela Mara</subfield>
   <subfield code="e">author.</subfield>
  </datafield>
  <datafield tag="700" ind1="1" ind2=" ">
   <subfield code="a">Malcom-Piqueux, Lindsey E.</subfield>
   <subfield code="d">1980- </subfield>
   <subfield code="e">author.</subfield>
  </datafield>
  <datafield tag="710" ind1="2" ind2=" ">
   <subfield code="a">Association of American Colleges and Universities.</subfield>
  </datafield>
  <datafield tag="905" ind1=" " ind2=" ">
   <subfield code="a">FO</subfield>
  </datafield>
  <datafield tag="852" ind1="0" ind2=" ">
   <subfield code="a">UPD</subfield>
   <subfield code="b">DEDUC</subfield>
   <subfield code="h">LC 213.2</subfield>
   <subfield code="i">M36 2020</subfield>
  </datafield>
  <datafield tag="942" ind1=" " ind2=" ">
   <subfield code="a">Book</subfield>
  </datafield>
 </record>
</collection>
